| 000 | 01072nam a2200205Ii 4500 | ||
|---|---|---|---|
| 003 | JO-AjNU | ||
| 008 | 230605s9999||||xx |||||||||||||| ||und|| | ||
| 017 | _a2010/2/481 | ||
| 040 |
_aJO-AjNU _bara _erda _cJO-AjNU |
||
| 041 | _aara | ||
| 050 | 1 | 4 | _aLB1028.35.M82 2010 |
| 100 | 3 |
_aالجمعية الأردنية للبحث العلمي؛ منسق المحور أبو الرز، جمال ؛ اشراف انور البطيخي, _eauthor _957159 |
|
| 245 | 0 | 0 | _aأساليب التدريس ودمج التكنولوجيا في التعليم : وقائع المؤتمر الرابع للبحث العلمي في الأردن 7/11/2009 الأوراق العلمية المحكمة |
| 264 | 3 | 1 | _aعمان: الجمعية الاردنية للبحث العلمي ، 2010 |
| 300 | _aعربي: 158ص ؛ انجليزي: 66ص | ||
| 336 |
_atext _btxt _2rdacontent |
||
| 337 |
_aunmediated _bn _2rdamedia |
||
| 338 |
_avolume _bnc _2rdacarrier |
||
| 650 | 4 |
_aتكنولوجيا التعليم- مؤتمرات- طرق التدريس- البحث العلمي- مؤتمرات _957160 |
|
| 999 |
_aA25597 _c29165 _d29165 |
||